| 000 | 00385nam a2200157Ia 4500 | ||
|---|---|---|---|
| 008 | 230312s9999||||xx |||||||||||||| ||und|| | ||
| 020 | _a8123909020 | ||
| 082 |
_a615.1 _bDIS |
||
| 100 | _aS.J Carter | ||
| 245 | 0 | _aDispensing for Pharmaceutical Students | |
| 260 |
_bCBS Publisher _aIndia _c2006 |
||
| 300 | _a759 | ||
| 546 | _aEng. | ||
| 650 |
_aPharmacy _vPharmaceutics |
||
| 942 | _cBK | ||
| 999 |
_c3705 _d3705 |
||